| 000 | 00407nam a22001697a 4500 | ||
|---|---|---|---|
| 003 | OSt | ||
| 008 | 230509b |||||||| |||| 00| 0 eng d | ||
| 041 | _aeng | ||
| 082 |
_a630.162 _bELA/IB |
||
| 100 |
_aElangovan,A _95446 |
||
| 100 |
_aMhalakshmi, M _95447 |
||
| 245 | _aIBPS-SO for agricultural field officer | ||
| 250 | _I4th | ||
| 260 |
_aNew delhi _Cjain brothers _c2020 |
||
| 300 | _a420 | ||
| 942 | _cBK | ||
| 999 |
_c17683 _d17683 |
||